000 00426nam a2200181Ia 4500
001 2894
005 20260306144840.0
008 260306t2012||||xx |||||||||||||| ||spa||
041 _aESP
082 _a231.73
_bP644
100 _aPhilippe, Jacques
_eAUT
245 0 _aEn la escuela del espíritu santo
260 _c2012
300 _a93 páginas :
_c20 cm.
650 _aGEN
654 _aCHU
942 _cLIB
_dJUS
_fJUS
_2ddc
_n
999 _c2894
_d2894